Statistics for Fast Typing 1-10 in Alphabetical Order

Click here to take the quiz!

General Stats

  • This quiz has been taken 100 times
  • The average score is 6 of 10

Answer Stats

Answer% Correct
Eight
100%
Five
87%
Four
81%
Nine
74%
One
58%
Seven
53%
Six
53%
Ten
47%
Two
43%
Three
42%

Score Distribution

Percentile by Number Answered

Percent of People with Each Score

Your Score History

You have not taken this quiz